000 00375nam a22001217a 4500
999 _c9421
_d9421
003 OSt
008 201203b ||||| |||| 00| 0 eng d
245 _aNew Cloth Market
250 _a2007( Jul Vol.21 No.7, Aug Vol.21 No.8, Sep Vol.21 No.9, Oct Vol.21 No.10, Nov Vol.21 No.11, Dec Vol.21 No.12 )
260 _aAhmedabad
_bIIMS
650 _aTextile Engineering
942 _2ddc
_cBV